Normal view
MARC view
- Ashraf, Muhammad Jamal (MSCS-19)
Entry Personal Name
001 - CONTROL NUMBER
- control field: 121337
003 - CONTROL NUMBER IDENTIFIER
- control field: NUST
005 - DATE AND TIME OF LATEST TRANSACTION
- control field: 20240226150718.0
008 - FIXED-LENGTH DATA ELEMENTS
- fixed length control field: 240226|| aca||aabn | a|a d
040 ## - CATALOGING SOURCE
- Original cataloging agency: NUST
- Transcribing agency: NUST
100 ## - HEADING--PERSONAL NAME
- Personal name: Ashraf, Muhammad Jamal (MSCS-19)
670 ## - SOURCE DATA FOUND
- Source citation: Work cat.: (NUST): Ashraf, Muhammad Jamal (MSCS-19), A semantics based Bi-Lingual information retrieval systm to improve results of search engines /, 2015
